00582cam a2200205 a 45000010008000000030004000080050017000120080041000290100017000700200031000870400018001180500025001360820017001611000021001782450050001992600039002493000023002885040028003116500037003394243525OSt20260116015446.0840411s1983 nyu b 000 0 eng  a 83062463  a0809125676 (pbk.) :c$3.50 aDLCcDLCdDLC00aBX2350.2b.M384 198300a248.4/822191 aMcNamara, James.14aThe power of compassion /cby James McNamara. aNew York :bPaulist Press,cc1983. av, 82 p. ;c21 cm. aBibliography: p. 78-79. 0aSpiritual lifexCatholic Church.